| 000 | 01013ngm a22002890a 4500 | ||
|---|---|---|---|
| 001 | PT40543 | ||
| 003 | AR-LpoUNG | ||
| 005 | 20210201235904.0 | ||
| 007 | vd cvaizq | ||
| 008 | 191001s[200||||ag |||||||||||||||||spa d | ||
| 040 |
_aAR-LpoUNG _bspa _cAR-LpoUNG _eaacr |
||
| 041 |
_aspa _aeng _apor |
||
| 044 | _aag | ||
| 082 | 0 | _a808.068.8 612bab | |
| 245 | 1 | 0 |
_aBaby Neptune : _bdescubriendo el agua : desde la playa hasta el baño : un viaje musical |
| 260 |
_aBuenos Aires : _bBaby Einstein, _c[2005]. |
||
| 300 | _aDVD (25 min.) : son., col. | ||
| 505 | 0 | _aHecha en 2001. Doblada en: Inglés, Español y Portugués. | |
| 520 | _aBaby Neptune Descubriendo el Agua presenta a los bebés y a los niños pequeños la profundidad del mar, ríos, lagos y demás con marionetas, juguetes y atractivas secuencias sobre criaturas submarinas. | ||
| 653 | _aDVD | ||
| 653 | _aVIDEOS | ||
| 653 | _aVIDEOS DIDACTICOS | ||
| 653 | _aVIDEOS INFANTILES | ||
| 710 | 2 | _aWalt Disney | |
| 905 | _a40543 | ||
| 942 | _cDVD | ||
| 999 |
_c53709 _d53709 |
||